10 największych miast Arabii Saudyjskiej - Statystyki

Ogólne statystyki
  • Ten quiz został rozwiązany 117 razy
  • Średni wynik to 3 z 10
Statystyki odpowiedzi
Miejsce/liczba ludności Miasto % Poprawnych
2. 3 289 000 Rijad
98%
3. 1 534 731 Mekka
79%
4. 1 100 093 Medyna
66%
1. 3 430 697 Dżudda
48%
5. 903 312 Ad-Dammam
8%
8. 512 629 Tabuk
7%
9. 467 410 Burajda
3%
6. 660 788 Al-Hufuf
2%
7. 579 970 At-Ta'if
1%
10. 430 828 Chamis Muszajt
1%
Nie znaleziono quizów pasujących do podanych kryteriów
Rozkład punktacji
Procent ludzi z każdym wynikiem
Percentyl według liczby udzielonych odpowiedzi
Twoja historia wyników
Nie rozwiązałeś tego quizu